000 00511nam a22001937a 4500
005 20240424101331.0
008 230915b |||||||| |||| 00| 0 eng d
020 _a97800754283
082 _a612
_bMUS-E
100 _aMushtaq, Ahmad
245 _aEssentials of Medical Physiology-1/
_cMushtaq, Ahmad.
250 _a5th ed.
260 _aPakistan:
_bIlmi Book House;
_c2009.
300 _avi, 386 p:
_bill;
_c2009.
490 _v1
500 _aIncludes Index.
650 _aMedical/Physiology
999 _c33580
_d33580